Biblioteca

Señor Jesucristo : (Registro nro. 44963)

Detalles MARC
000 -LÍDER
Campo fijo de descripción fija 01448aam a2200337 i 4500
001 - NÚMERO DE CONTROL
Campo de control 768714001
003 - IDENTIFICADOR DEL NÚMERO DE CONTROL
Campo de control CO-MdFUSB
005 - FECHA Y HORA DE LA ULTIMA TRANSACCIÓN
control field 20260220200233.0
007 - CAMPO FIJO DE DESCRIPCIÓN FIJA--INFORMACIÓN GENERAL
Campo fijo de descripción fija ta
008 - ELEMENTOS DE LONGITUD FIJA -- INFORMACIÓN GENERAL
Campo fijo de descripción fija -- Información general 260220t2008 sp |||| |||| 00| 0 spa d
020 ## - NÚMERO INTERNACIONAL NORMALIZADO PARA LIBROS
Número Internacional Normalizado del libro 978-84-301-1683-6
040 ## - FUENTE DE CATALOGACIÓN
Agencia que realiza la transcripción CO-MdFUSB
041 ## - CÓDIGO DE IDIOMA
Código de idioma para texto/pista de sonido o título separado spa
Código de idioma original eng
082 04 - NÚMERO DE CLASIFICACIÓN DECIMAL DEWEY
Número de la edición del Dewey 23
Número de clasificación 232.8
Clave de autor-Numero de item H9673s
100 1# - ASIENTO PRINCIPAL--NOMBRE PERSONAL
Nombre personal Hurtado, Larry W.
Término relacionador autor
240 ## - TITULO UNIFORME
Título uniforme <a href="Lord Jesus Christ. Devotion to Jesus in earliest christianity">Lord Jesus Christ. Devotion to Jesus in earliest christianity</a>
245 10 - TÍTULO
Título del Material Señor Jesucristo :
Parte restante del título - Subtitulo la devoción a Jesús en el cristianismo primitivo
Mención de responsabilidad, etc. / Larry W. Hurtado ; traducido por: J. Molina de la Torre
264 #1 - PRODUCCIÓN, PUBLICACIÓN, DISTRIBUCIÓN, MANUFACTURA, Y COPYRIGHT
Nombre del productor, publicador, distribuidor Sígueme,
Lugar de producción, publicación, distribución, manufactura Salamanca, España :
Fecha de producción, publicación, distribución, manufactura, o copyright [2008]
264 #4 - PRODUCCIÓN, PUBLICACIÓN, DISTRIBUCIÓN, MANUFACTURA, Y COPYRIGHT
Fecha de producción, publicación, distribución, manufactura, o copyright ©2008
300 ## - DESCRIPCIÓN FÍSICA
Extensión 829 páginas
Dimensiones ; 24 cm
336 ## - TIPO DE CONTENIDO
Término de tipo de contenido texto
Código de tipo de contenido txt
Fuente rdacontent
337 ## - TIPO DE MEDIO
Fuente rdamedia
Nombre del tipo de medio sin mediación
Código del tipo de medio n
338 ## - TIPO DE SOPORTE
Fuente rdacarrier
Nombre del tipo de soporte volumen
Código Tipo de soporte nc
501 ## - NOTA DE “CON”
Nota de Contenido Pasta dura
505 ## - NOTA DE CONTENIDO
Nota de contenido con formato preestablecido El primitivo cristianismo paulino -- El judeocristianismo de Judea -- Q y la primitiva devoción a Jesús -- Libros sobre Jesús -- Crisis y cristología en el cristianismo joánico -- Otros libros primitivos sobre Jesús -- Devoción proto-ortodoxa.
563 ## - NOTA DE ENCUADERNACIÓN
Nota de encuadernación Pasta dura
650 14 - ASIENTO SECUNDARIO DE MATERIA - TERMINO TEMÁTICO
Término temático o nombre geográfico como elemento de entrada Jesucristo \ Jesucristo - Historia de las doctrinas - la iglesia temprana, ca. 30-600 \ Jesucristo - Culto - Historia Bíblica \ Nuevo Testamento - Teología.
700 ## - ASIENTO SECUNDARIO - NOMBRE PERSONAL
Nombre personal Molina de la Torre, Francisco Javier, ‎
9 (RLIN) 9604
Responsabilidad traductor
942 ## - TIPO DE MATERIAL (KOHA)
Tipo de Item KOHA Libros General
945 ## - INFORMACIÓN LOCAL DEL REGISTRO
Catalogador JTF-925
Existencias
Estado de Material Estado de Perdido Forma de Clasificación Estado de Dañado No para Préstamo Colección Tomo Biblioteca de Origen Biblioteca Permanente Fecha de Adquisición Área Total de Préstamos Total de Renovaciones Signatura Topográfica Código de Barras Última vez visto Última vez Préstado Ejemplar/Existencia Fecha de Remplazo Tipo de Material
    Dewey Decimal Classification     Colección General   Biblioteca FUSBC Biblioteca FUSBC 14/08/2014 TEOLOGÍA CRISTIANA 6 5 G 232.8 H9673s 18513 13/11/2025 17/10/2025 Ej. 1 26/01/2016 Libros General

Biblioteca FUSBC | Teléfono: (57+4) 349 88 10 Ext. 141| WhatsApp (+57) 3005338115 
E-mail: biblioteca@unisbc.edu.co | Calle 76 87-14 Robledo Palenque, Medellín, Colombia

Con tecnología Koha